01055nam a2200289Ia 450000500170000000800410001702000190005810000330007724500770011025000400018730000650022749000370029252100420032953400220037165000350039365000390042865000410046765000390050865000380054770000200058526400260060533600270063133700330065833800280069104000350071908400110075420220317001041.0160825s2006 sp a g 000 0 spa  a978842063410121 aGolding, William,d1911-199313aEl señor de las moscascWilliam Golding ; traducido por Carmen Vergara a1a. edición b16a. reimpresión  a249 paginas bilustraciones en color y blanco y negroc25 cm aEl libro de bolsillopliteratura aRecomendado para mayores de 15 años tLord of the flies142LEMBaNovela inglesaySiglo XX142LEMBaLiteratura inglesaySiglo XX142LEMBaSupervivencia en la literatura142LEMBaNáufragos en la literatura142LEMB aCazadores en la literatura1 aVergara, Carmen aMadridbAlianzac2006 atextobtxt2rdacontent asin mediaciónbn2rdamedia avolumenbnc2rdacarrier aCO-BoRNBPbspaerdacCO-BoRNBP aN GOL1